01013cam a22002894i 4500003000900000005001700009008004100026035001900067040003300086082002000119100002800139245009500167250000700262264003500269300002700304336002100331337002500352338002300377505018900400526000900589526000900598526000800607526000800615526000800623600003300631700005900664PE-LiUPU20250731183418.0150625s r 000 0 d a(Sirsi) a34858 aPE-LiUPUbspacPE-LiUPUerda04a780.92bL312211 aLavagne, Andre,eautor.10aChopin /cAndré Lavagne ; [traducción del francés por Felipe Ximénez de Sandoval]. a4a 1aMadrid :bEspasa-calpe,c1981. a126 páginas ;c16cm atext2rdacontent aunmediated2rdamedia avolume2rdacarrier0 aEl Mijo De Un Emigrado Loren. - Crearse Un Mundo Particular. - Los Salones De París. - El Pranc A La Fuerza. - La Realización De Una Obra Y De Una Vida. - Et Final De Un Gran Amor. aP158 aP146 aP17 aP12 aP061 aChopin, Fryderyk.d1810-18491 aXiménez de Sandoval, Felipe,d1903-1978,etraductor.